00790ata a2200301 450000500170000000800410001702000150005804100080007308200180008110000240009924500600012326000310018326000190021426000090023330000180024250500420026050500180030265000140032065000180033465000210035265000150037365000150038865000150040365000150041894200120043399900150044595200280046020240801111428.0150601b1997 -us||||| |||| 00| 0 eng d a0691028907 aING a595.789 D491b aDeVries, Philip J.  aThe butterflies of Costa Rica and their natural history bPrinceton University Press aEstados Unidos c1997 a288 páginas aIncluye ilustraciones y fotografías aIncluye mapas aMARIPOSAS aBIODIVERSIDAD aHISTORIA NATURAL aRIODINIDAE aCOSTA RICA aBIOLOGÍA aECOLOGÍA cBK2ddc c6093d6093 o595.789 D491bp9830yBK